Miesten keihäänheiton Suomen mestarit - Statistics

Yleistilastot
  • Tätä visaa on pelattu 115 kertaa
  • Keskiarvotulos 45 / 108
Vastaustilastot
Vuosi Mestari Tulos % Oikein
2004 Tero Pitkämäki 82,82
98%
2005 Tero Pitkämäki 87,83
98%
2006 Tero Pitkämäki 88,17
98%
2007 Tero Pitkämäki 89,43
98%
2010 Tero Pitkämäki 85,70
98%
2013 Tero Pitkämäki 85,70
98%
2016 Tero Pitkämäki 82,05
98%
2017 Tero Pitkämäki 82,80
98%
2012 Antti Ruuskanen 87,79
89%
2014 Antti Ruuskanen 83,70
89%
2015 Antti Ruuskanen 88,98
89%
1985 Seppo Räty 85,02
88%
1986 Seppo Räty 80,02
88%
1989 Seppo Räty 81,86
88%
1990 Seppo Räty 86,92
88%
1991 Seppo Räty 88,34
88%
1993 Seppo Räty 85,68
88%
1995 Seppo Räty 87,68
88%
1996 Seppo Räty 83,46
88%
2018 Oliver Helander 81,26
84%
2021 Oliver Helander 86,13
84%
2019 Lassi Etelätalo 84,11
75%
2020 Lassi Etelätalo 82,20
75%
2022 Lassi Etelätalo 84,62
75%
1964 Jorma Kinnunen 77,73
73%
1965 Jorma Kinnunen 82,48
73%
1966 Jorma Kinnunen 84,10
73%
1968 Jorma Kinnunen 85,80
73%
1969 Jorma Kinnunen 89,72
73%
1998 Aki Parviainen 86,54
66%
1999 Aki Parviainen 87,55
66%
2000 Aki Parviainen 84,29
66%
2001 Aki Parviainen 83,51
66%
2002 Aki Parviainen 82,48
66%
2003 Aki Parviainen 82,91
66%
1944 Tapio Rautavaara 67,65
64%
1945 Tapio Rautavaara 68,54
64%
1947 Tapio Rautavaara 72,29
64%
1948 Tapio Rautavaara 70,33
64%
1949 Tapio Rautavaara 70,28
64%
1987 Tapio Korjus 78,34
63%
1988 Tapio Korjus 84,38
63%
2009 Teemu Wirkkala 85,84
58%
2011 Ari Mannio 85,12
57%
2008 Tero Järvenpää 86,68
56%
1961 Pauli Nevala 77,94
39%
1962 Pauli Nevala 80,10
39%
1963 Pauli Nevala 80,54
39%
1967 Pauli Nevala 80,20
39%
1917 Jonni Myyrä 59,48
38%
1918 Jonni Myyrä 59,14
38%
1929 Matti Järvinen 66,18
37%
1930 Matti Järvinen 71,70
37%
1931 Matti Järvinen 68,35
37%
1933 Matti Järvinen 73,15
37%
1934 Matti Järvinen 72,47
37%
1935 Matti Järvinen 74,08
37%
1940 Matti Järvinen 74,24
37%
1942 Matti Järvinen 69,81
37%
1992 Juha Laukkanen 86,72
34%
1994 Juha Laukkanen 81,92
34%
1982 Arto Härkönen 85,94
30%
1997 Sami Saksio 84,26
25%
1970 Hannu Siitonen 84,06
16%
1971 Hannu Siitonen 85,42
16%
1972 Hannu Siitonen 87,66
16%
1973 Hannu Siitonen 89,52
16%
1974 Hannu Siitonen 88,28
16%
1952 Soini Nikkinen 75,03
12%
1936 Yrjö Nikkanen 73,27
11%
1937 Yrjö Nikkanen 74,78
11%
1938 Yrjö Nikkanen 72,81
11%
1939 Yrjö Nikkanen 72,66
11%
1943 Yrjö Nikkanen 70,05
11%
1946 Yrjö Nikkanen 70,32
11%
1975 Aimo Aho 85,74
10%
1978 Antero Puranen 83,62
8%
1979 Esa Utriainen 90,94
8%
1981 Antero Toivonen 88,62
7%
1980 Pentti Sinersaari 89,76
7%
1983 Pentti Sinersaari 83,06
7%
1950 Toivo Hyytiäinen 71,10
7%
1951 Toivo Hyytiäinen 71,72
7%
1953 Toivo Hyytiäinen 71,13
7%
1954 Toivo Hyytiäinen 73,48
7%
1926 Eino Penttilä 61,96
6%
1927 Eino Penttilä 63,80
6%
1928 Eino Penttilä 61,31
6%
1958 Väinö Kuisma 76,78
6%
1960 Väinö Kuisma 73,76
6%
1955 Jouko Rantanen 74,93
4%
1919 Paavo Johansson 61,38
4%
1920 Paavo Johansson 62,52
4%
1922 Paavo Johansson 59,91
4%
1925 Paavo Johansson 62,72
4%
1976 Seppo Hovinen 90,18
4%
1977 Seppo Hovinen 86,88
4%
1984 Tero Saviniemi 86,78
4%
1916 Urho Peltonen 60,30
4%
1921 Urho Peltonen 61,64
4%
1932 Eero Ihamäki 62,79
2%
1957 Erkki Ahvenniemi 73,14
2%
1914 Juho Halme 56,00
2%
1956 Olavi Kauhanen 77,35
2%
1959 Olavi Kauhanen 73,50
2%
1915 Toivo Elo 60,13
2%
1923 Yrjö Ekqvist 60,75
2%
1924 Yrjö Ekqvist 63,76
2%
Ehtoja vastaavia visoja ei löytynyt
Tulosjakauma
Jokaisen tuloksen saaneiden osuus
Persentiili vastausten määrän mukaan
Tuloshistoriasi
Et ole pelannut tätä visaa